Los últimos musulmanes de la ciudad de Villena, a través de tres procesos de la Inquisición de Murcia (1611-1612) / (Record no. 91716)

MARC details
000 -LEADER
campo de control de longitud fija 00900nam a2200217 i 4500
001 - NÚMERO DE CONTROL
campo de control 91716
003 - IDENTIFICADOR DE NÚMERO DE CONTROL
campo de control ES-MaACL
005 - FECHA Y HORA DE LA ÚLTIMA TRANSACCIÓN
campo de control 20250809063511.0
007 - CAMPO FIJO DE DESCRIPCIÓN FÍSICA--INFORMACIÓN GENERAL
campo de control de longitud fija t|
008 - DATOS DE LONGITUD FIJA--INFORMACIÓN GENERAL
campo de control de longitud fija 050209s1994 sp |||| | spa d
080 ## - NÚMERO DE LA CLASIFICACIÓN DECIMAL UNIVERSAL
Número de la Clasificación Decimal Universal 9(=411.21:460.315 Villena)"16"
100 1# - ENTRADA PRINCIPAL--NOMBRE DE PERSONA
Nombre de persona Vilar, Juan Bautista,
Fechas asociadas al nombre 1941-2018
9 (RLIN) 114797
245 14 - MENCIÓN DEL TÍTULO
Título Los últimos musulmanes de la ciudad de Villena, a través de tres procesos de la Inquisición de Murcia (1611-1612) /
Mención de responsabilidad, etc. Juan-Bautista Vilar.
260 ## - PUBLICACIÓN, DISTRIBUCIÓN, ETC.
Lugar de publicación, distribución, etc. Alicante :
Nombre del editor, distribuidor, etc. Universidad de Alicante,
Fecha de publicación, distribución, etc. 1994.
300 ## - DESCRIPCIÓN FÍSICA
Extensión p. [721]-729 ;
Dimensiones 25 cm.
500 ## - NOTA GENERAL
Nota general Separata de: Homenaje/Homenatge a María Jesús Rubiera Mata en Sharq Al-Andalus, estudios árabes, n.10, 1993-1994. Anales de la Universidad de Alicante.
650 14 - PUNTO DE ACCESO ADICIONAL DE MATERIA--TÉRMINO DE MATERIA
Término de materia o nombre geográfico como elemento de entrada Moriscos-
Subdivisión geográfica Villena-
Subdivisión cronológica S.XVII.
9 (RLIN) 15196
710 2# - ENTRADA AGREGADA--NOMBRE DE ENTIDAD CORPORATIVA
Nombre de entidad corporativa o nombre de jurisdicción como elemento de entrada Universidad de Alicante
9 (RLIN) 7138
852 ## - LOCALIZACIÓN
Ubicación ES-MaACL
Número de control de estantería 2186-F-22
Holdings
Estatus retirado Estado de pérdida Estado de daño No para préstamo Colección Biblioteca de origen Biblioteca actual Ubicación en estantería Fecha de adquisición Fuente de adquisición Total de préstamos Signatura topográfica completa Código de barras Visto por última vez Precio de reemplazo Tipo de ítem Koha
        Colección de folletos Biblioteca del Ateneo de Madrid Biblioteca del Ateneo de Madrid Depósito folletos 17/01/2008     2186-F-22 1095759 23/02/2023 23/02/2023 Folleto